| 000 | 00543nam a22002057a 4500 | ||
|---|---|---|---|
| 008 | 130514b xxu||||| |||| 00| 0 eng d | ||
| 024 | _cavailable | ||
| 037 | _cavailable | ||
| 082 |
_222 _a428.1 ISC |
||
| 100 | _aIslam, Jahurul | ||
| 245 | _aCommon Mistake in English Usage | ||
| 260 |
_aDhaka _bPacific Publishers _c2002 |
||
| 300 |
_a13 cm _b220 page _f1 _g13 cm |
||
| 600 | _aEnglish Usage | ||
| 700 | _aIslam, Jahurul | ||
| 270 |
_aDhaka _bDhaka _dBangladesh |
||
| 365 |
_b100.00 _d100.00 |
||
| 942 |
_2ddc _cBK |
||
| 999 |
_c376 _d376 |
||